| 000 | 01381cam a2200349 a 4500 | ||
|---|---|---|---|
| 001 | 3933 | ||
| 003 | FISKH | ||
| 005 | 20240524134522.0 | ||
| 008 | 101124s2011 nyua j b 001 0 eng | ||
| 010 | _a 2010045961 | ||
| 020 | _a9780531205570 (hardcover) | ||
| 020 | _a9780531281062 (softcover) | ||
| 040 |
_aDLC _cDLC _dDLC _beng |
||
| 042 | _apcc | ||
| 043 | _an-us-ak | ||
| 050 | 0 | 0 |
_aQC903.15 _b.B46 2011 |
| 082 | 0 | 0 |
_a304.2/5 _222 |
| 100 | 1 |
_aBenoit, Peter, _d1955- |
|
| 245 | 1 | 0 |
_aClimate change / _cPeter Benoit. |
| 260 |
_aNew York : _bChildren's Press, _c2011. |
||
| 300 |
_a48 pages : _bcolor illustrations ; _c22 cm |
||
| 490 | 0 | _aA true book | |
| 500 | _aRising temperatures -- Causes of climate change -- Big trouble -- A grim future -- Solving the problem. | ||
| 504 | _aIncludes bibliographical references (p. 44) and index. | ||
| 520 | _aExplains what climate change is and why it occurs, examines the problems caused by climate change, discusses what might happen if the climate change problem is not fixed, and looks at what is being done to fight climate change. | ||
| 650 | 0 |
_aClimatic changes _vJuvenile literature. |
|
| 650 | 0 |
_aGlobal temperature changes _vJuvenile literature. |
|
| 651 | 0 |
_aShishmaref (Alaska) _xClimate _vJuvenile literature. |
|
| 906 |
_a7 _bcbc _corignew _d1 _eecip _f20 _gy-gencatlg |
||
| 942 |
_2ddc _cBK _n0 |
||
| 999 |
_c3933 _d3933 |
||